| 000 | 00765 a2200205 4500 | ||
|---|---|---|---|
| 999 |
_c1630 _d1630 |
||
| 020 | _a0750709693 | ||
| 020 | _a0750709685 (pbk) | ||
| 050 | 0 | 0 | _aLA 633 SIL |
| 100 | 1 |
_aSilcock, Peter _eAuthor |
|
| 245 | 1 | 0 |
_aNew Progressivism / _cPeter Silcock |
| 264 |
_aLondon: _b Falmer Press, _c1999 |
||
| 300 |
_ax, 173 p. : _bill. |
||
| 500 | _aIncludes index | ||
| 504 | _aIncludes bibliographical references (p. 149-162) and index. | ||
| 650 | 0 |
_aEducation, Elementary _xPhilosophy. |
|
| 650 | 0 | _aProgressive education | |
| 856 | 4 | 2 |
_3Publisher description _uhttp://www.loc.gov/catdir/enhancements/fy0652/99488436-d.html |
| 942 |
_2lcc _cBK _h 633 _iSIL 1999 _kLA |
||